Countries that start with a vowel with an empty map - Statistics

General Stats
  • This quiz has been taken 102 times
  • The average score is 31 of 37
Answers on the Map
Answers color-coded by a green-red scale on the quiz's map according to % correct below.
 
Answer Stats
Country % Correct
Australia
94%
United States
94%
United Kingdom
92%
Angola
90%
Oman
90%
Albania
87%
Azerbaijan
86%
India
86%
Ireland
86%
Uruguay
86%
Armenia
85%
Iran
85%
Iraq
85%
United Arab Emirates
85%
Algeria
84%
Ethiopia
84%
Iceland
84%
Indonesia
84%
Ukraine
84%
Afghanistan
82%
Eritrea
82%
Andorra
81%
Antigua and Barbuda
81%
Austria
81%
Israel
81%
Uganda
81%
Argentina
80%
Ecuador
80%
Egypt
80%
Eswatini
80%
El Salvador
78%
Equatorial Guinea
78%
Italy
78%
Estonia
77%
East Timor
76%
Uzbekistan
76%
Ivory Coast
59%
No matching quizzes found
Score Distribution
Percent of People with Each Score
Percentile by Number Answered
Your Score History
You have not taken this quiz